000 00565nam a2200181 a 4500
001 000036249
005 20200930075630.0
008 120111s1981 dr a 000 0 spa d
020 _a9682507227
040 _aDO-SdBNP
_bspa
_cBNPHU
082 _axxx
_bB873e, 1981
100 1 _aBrooks, Shirley M.
_962350
245 1 0 _aEnfermeria de quirofano /
_cShirley M. Brooks ; Traducción Santiago Sapiña Renard.
250 _a4a ed.
260 _aMéxico :
_bInteramericana,
_c1981.
300 _a175 p. :
_bil. ;
_c26 cm.
700 1 _aSapiña Renard, Santiago,
_etr.
_962351
999 _c35740
_d35740